Devinez la Capitale Mystère #99 - Statistiques

Statistiques générales
  • Ce quiz a été pris 137 fois
  • Le résultat moyen est 30 sur 33
Statistiques - réponses
Type de Réponse Réponse % Correct
Lettre Trouvée E
100%
Lettre de l'Alphabet I
100%
Lettre Trouvée R
100%
Lettre de l'Alphabet L
99%
Lettre de l'Alphabet N
99%
Lettre de l'Alphabet S
99%
Lettre Trouvée A
98%
Lettre de l'Alphabet O
97%
Lettre de l'Alphabet B
95%
Lettre Bien Placée P
95%
Lettre Trouvée P
95%
Lettre de l'Alphabet T
95%
Lettre de l'Alphabet M
92%
Lettre de l'Alphabet C
91%
Lettre Trouvée G
91%
Lettre de l'Alphabet H
91%
Lettre de l'Alphabet D
90%
Lettre de l'Alphabet K
90%
Lettre de l'Alphabet V
89%
Lettre Trouvée U
88%
Lettre Bien Placée E
87%
Lettre de l'Alphabet W
86%
Lettre de l'Alphabet Y
85%
Lettre de l'Alphabet J
83%
Lettre de l'Alphabet X
83%
Lettre de l'Alphabet Z
83%
Lettre Bien Placée A
82%
Lettre de l'Alphabet F
82%
Lettre Bien Placée R
82%
Lettre Bien Placée G
80%
Lettre de l'Alphabet Q
80%
Capitale Mystère Prague
79%
Lettre Bien Placée U
79%
Aucun quiz correspondant
Distribution des résultats
% des personnes avec chaque résultat
Percentile par nombre de réponses
Votre historique - résultats
Vous n’avez pas pris ce quiz